000 00407pab a2200157 454500
008 180718b2013 xxu||||| |||| 00| 0 eng d
100 _aHerman-Smith, Robert
245 _aDo preschool programs affect social disadvantage? What social workers should know
260 _c2013
300 _ap.65-74.
362 _aJan
650 _aSocial workers
773 _aSocial Work
908 _aN
909 _a99608
999 _c99607
_d99607